Catálogo público

El fin de la autosuficiencia alimentaria / (Record no. 164619)

MARC details
000 -CABECERA
campo de control de longitud fija 00657nam a2200277Ia 4500
001 - NÚMERO DE CONTROL
campo de control Z_1531
003 - IDENTIFICADOR DEL NÚMERO DE CONTROL
campo de control CHAP
008 - DATOS DE LONGITUD FIJA--INFORMACIÓN GENERAL
campo de control de longitud fija 220113s1985 xx 000 0 und d
010 ## - NÚMERO DE CONTROL DE LA BIBLIOTECA DEL CONGRESO
Número de control de LC 164619
040 ## - FUENTE DE LA CATALOGACIÓN
Centro/agencia transcriptor CHAP
082 ## - NÚMERO DE LA CLASIFICACIÓN DECIMAL DEWEY
Número de clasificación 338.19 B3
100 ## - ENTRADA PRINCIPAL--NOMBRE DE PERSONA
Nombre de persona Barkin, David
9 (RLIN) 10216
245 ## - MENCIÓN DE TÍTULO
Título El fin de la autosuficiencia alimentaria /
Mención de responsabilidad, etc. por David Barkin y Blanca Suárez
260 ## - PUBLICACIÓN, DISTRIBUCIÓN, ETC.
Lugar de publicación, distribución, etc. México :
Nombre del editor, distribuidor, etc. Océano,
Fecha de publicación, distribución, etc. 1985
300 ## - DESCRIPCIÓN FÍSICA
Extensión 349 p
440 ## - MENCIÓN DE SERIE/PUNTO DE ACCESO ADICIONAL--TÍTULO
Título
500 ## - NOTA GENERAL
Nota general
503 ## - NOTA DE HISTORIA BIBLIOGRÁFICA (BK CF MU) [OBSOLETO]
Nota de historia bibliográfica C/E
650 ## - PUNTO DE ACCESO ADICIONAL DE MATERIA--TÉRMINO DE MATERIA
Término de materia o nombre geográfico como elemento de entrada Alimentos
Subdivisión general Abastecimiento de I. Suárez Blanca
9 (RLIN) 138673
901 ## - ELEMENTOS DE DATOS A LOCAL LDA (RLIN)
a 338.19 B3
902 ## - ELEMENTOS DE DATOS B LOCAL, LDB (RLIN)
a A
910 ## - DATOS DE OPCIÓN DEL USUARIO (OCLC)
Datos de opción del usuario 1985
942 ## - ELEMENTOS DE PUNTO DE ACCESO ADICIONAL (KOHA)
Tipo de ítem Koha Libro_
942 ## - ELEMENTOS DE PUNTO DE ACCESO ADICIONAL (KOHA)
Tipo de ítem Koha
Holdings
Estado de retiro Estado de pérdida Fuente del sistema de clasificación o colocación Estado dañado Restricciones de uso No para préstamo Código de colección Localización permanente Ubicación/localización actual Fecha de adquisición Signatura topográfica completa Código de barras Fecha visto por última vez Número de copia Precio válido a partir de Tipo de ítem Koha
    Dewey Decimal Classification   Préstamo interno   General Zootecnia Zootecnia 09/11/2005 338.19 B3 z_1645 18/01/2022 1 18/01/2022 Libro
    Dewey Decimal Classification   Préstamo interno   General Zootecnia Zootecnia 09/11/2005 338.19 B3 z_1646 18/01/2022 1 18/01/2022 Libro
    Dewey Decimal Classification   Préstamo interno   General Zootecnia Zootecnia 09/11/2005 338.19 B3 z_1647 18/01/2022 1 18/01/2022 Libro
    Dewey Decimal Classification     Excluido de préstamo General Zootecnia Zootecnia 09/11/2005 338.19 B3 z_1648 18/01/2022 1 18/01/2022 Libro
    Dewey Decimal Classification     Excluido de préstamo General Zootecnia Zootecnia 09/11/2005 338.19 B3 z_1649 18/01/2022 1 18/01/2022 Libro
    Dewey Decimal Classification     Excluido de préstamo General Zootecnia Zootecnia 09/11/2005 338.19 B3 z_1650 18/01/2022 1 18/01/2022 Libro
    Dewey Decimal Classification     Excluido de préstamo General Zootecnia Zootecnia 09/11/2005 338.19 B3 z_1651 18/01/2022 1 18/01/2022 Libro
    Dewey Decimal Classification     Excluido de préstamo General Zootecnia Zootecnia 09/11/2005 338.19 B3 z_1652 18/01/2022 1 18/01/2022 Libro
    Dewey Decimal Classification   Préstamo interno   General Zootecnia Zootecnia 09/11/2005 338.19 B3 z_1653 18/01/2022 1 18/01/2022 Libro
    Dewey Decimal Classification     Excluido de préstamo General Zootecnia Zootecnia 09/11/2005 338.19 B3 z_1654 18/01/2022 1 18/01/2022 Libro